Statistiques concernant Quoi de 9? - Puzzle de mots #3

Cliquez ici pour prendre le quiz!

Statistiques générales

  • Ce quiz a été pris 2 446 fois
  • Le résultat moyen est 5 sur 7

Statistiques - réponses

#Réponse% Correct
3Age
99%
4Gare | Géra | Gréa | Rage
99%
5Egard | Garde | Grade
94%
6Danger | Grande
84%
7Daigner | Dégarni | Dénigra | Gardien | Geindra | Grandie
62%
8Agrandie | Daignera | Drainage | Gardénia | Gardiane
42%
9Jardinage
26%

Distribution des résultats

Percentile par nombre de réponses

% des personnes avec chaque résultat

Votre développement - résultats

Vous n’avez pas pris ce quiz